Central Library OPAC University of Rajshahi

The sacred river : (Record no. 20814)

MARC details
000 -LEADER
fixed length control field 00763cam a22002531a 4500
001 - CONTROL NUMBER
control field 20814
003 - CONTROL NUMBER IDENTIFIER
rucl marc code BD-RjUL
005 - DATE AND TIME OF LATEST TRANSACTION
control field 20211209000620.0
008 - FIXED-LENGTH DATA ELEMENTS--GENERAL INFORMATION
fixed length control field 140302s1949 enk 000 0deng d
035 ## - SYSTEM CONTROL NUMBER
System control number (BD-RjUL)20876
System control number (OCoLC)2661460
040 ## - CATALOGING SOURCE
Original cataloging agency DLC
Transcribing agency PU
Modifying agency OCoLC
-- WU
-- BD-RjUL
Language of cataloging eng
041 ## - LANGUAGE CODE
Language code of text/sound track or separate title eng
082 ## - DEWEY DECIMAL CLASSIFICATION NUMBER
Classification number 823.91
Author mark and year STs 1949
100 1# - MAIN ENTRY--PERSONAL NAME
Personal name Strong, L. A. G.
Fuller form of name (Leonard Alfred George),
Dates associated with a name 1896-1958.
9 (RLIN) 64289
245 14 - TITLE STATEMENT
Title The sacred river :
Remainder of title an approach to James Joyce /
260 ## - PUBLICATION, DISTRIBUTION, ETC. (IMPRINT)
Place of publication, distribution, etc. London :
Name of publisher, distributor, etc. Methuen,
Date of publication, distribution, etc. 1949.
300 ## - PHYSICAL DESCRIPTION
Pagination 160 p. ;
Size 23 cm.
600 10 - SUBJECT ADDED ENTRY--PERSONAL NAME
Personal name Joyce, James,
Dates associated with a name 1882-1941
General subdivision Criticism and interpretation.
650 ## - SUBJECT ADDED ENTRY--TOPICAL TERM
Topical term or geographic name as entry element English Literature
9 (RLIN) 64291
942 ## - ADDED ENTRY ELEMENTS (KOHA)
Source of classification or shelving scheme Dewey Decimal Classification
Koha item type Books
Holdings
Lost status Source of classification or shelving scheme Damaged status Not for loan Collection code Permanent Location Current Location Shelving location Date acquired Source of acquisition Cost, normal purchase price Total Checkouts Full call number Date last seen Copy number Koha item type
  Dewey Decimal Classification   Added to bundle Fiction Central Library, University of Rajshahi Central Library, University of Rajshahi Reading Room 04/08/1956 B.H.Blackwell 6.00   823.91 STS 1949 02/03/2014 C-1 Books